| 000 | 00000nam 2200000zi 4500 |
| 001 | 9.945279 |
| 003 | CaOODSP |
| 005 | 20241118131739 |
| 006 | m o d f |
| 007 | cr |n||||||||| |
| 008 | 241118t19841985onc o f000 0 fre d |
| 020 | |z0662931629 |
| 040 | |aCaOODSP|bfre|erda|cCaOODSP |
| 041 | 0 |afre|bfre|beng |
| 043 | |an-cn--- |
| 086 | 1 |aEn47-305/1985F-PDF|zEn 47-305/1985F |
| 245 | 02|aL'utilisation et la règlementation des pesticides au Canada / |cAgriculture Canada, Environnement Canada, Pêches et océans Canada, Santé nationale et bien-être soical Canada. |
| 264 | 1|a[Ottawa] : |bGouvernement du Canada = Government of Canada, |c1984. |
| 264 | 4|c©1985 |
| 300 | |a1 ressource en ligne (viii, 46 pages) |
| 336 | |atexte|btxt|2rdacontent/fre |
| 337 | |ainformatique|bc|2rdamedia/fre |
| 338 | |aressource en ligne|bcr|2rdacarrier/fre |
| 500 | |aPublié aussi en anglais sous le titre : Pesticide use and control in Canada. |
| 500 | |aÉdition numérisée de l'imprimé [par Direction des publications du gouvernement du Canada]. |
| 500 | |a«Mis à jour en 1982, publié en 1984.» |
| 505 | 0 |aPartie 1. Législation et réglementation -- partie 2. Environnement et santé. |
| 546 | |aComprend des résumés en français et en anglais |
| 650 | 0|aPesticides|xLaw and legislation|zCanada. |
| 650 | 0|aPesticides|xEnvironmental aspects. |
| 650 | 6|aPesticides|xAspect de l'environnement|zCanada. |
| 710 | 1 |aCanada. |bEnvironnement Canada, |eorganisme de publication. |
| 856 | 40|qPDF|s6632 Ko|uhttps://publications.gc.ca/collections/collection_2024/eccc/En47-305-1985-fra.pdf |